The Mango Atals/ (Record no. 200817)

MARC details
000 -LEADER
fixed length control field 00504nam a22001697a 4500
005 - DATE AND TIME OF LATEST TRANSACTION
control field 20240215154956.0
010 ## - LCCN (DPL NO)
LC control number ENG-139277
020 ## - INTERNATIONAL STANDARD BOOK NUMBER
Terms of availability 800.00/-
035 ## - SYSTEM CONTROL NUMBER
System control number EN-122809
037 ## - SOURCE OF ACQUISITION
Source of stock number/acquisition DBAD/PUB
082 ## - DEWEY DECIMAL CLASSIFICATION NUMBER
Classification number 634.573
245 ## - TITLE STATEMENT
Title The Mango Atals/
Statement of responsibility, etc Dr. Balashaheb swant konkan krishi vidyapeeth
260 ## - PUBLICATION, DISTRIBUTION, ETC. (IMPRINT)
Place of publication, distribution, etc Maharashtra
Name of publisher, distributor, etc Director of extension education
Date of publication, distribution, etc 2018
270 ## - ADDRESS
Address Dapoli , Ratnagiri
City Maharastra
300 ## - PHYSICAL DESCRIPTION
Extent 193p.
Dimensions 22cm(pbk)
942 ## - ADDED ENTRY ELEMENTS (KOHA)
Source of classification or shelving scheme Dewey Decimal Classification
Item type English Books
Classification part 634.573
Call number prefix MAN
Holdings
Withdrawn status Lost status Not for loan Collection code Home library Current library Date acquired Source of acquisition Cost, normal purchase price Full call number Barcode Copy number Cost, replacement price Koha item type
    Not For Loan Non-fiction D.B.Act.Division D.B.Act.Division 15/02/2024 DBAD/PUB 2500.00 634.573 MAN EN-122809 1 2500.00 English Books

© Delhi Public Library
Hit Counter
free hit counter